000 00759nam a2200253Ia 4500
003 OSt
005 20221005025428.0
006 a|||||r|||| 00| 0
007 ta
008 221004b |||||||| |||| 00| 0 ben d
020 _a8176123285 (hbk)
_c60
024 _a4518
037 _b783, 19/03/2013, Bright Book Service
_cTextual
040 _aCRL
_cCRL
_bben
041 _2ben
_aben
082 _aO157,1M61:g, N8
100 _aDatta Bhabatosh
245 0 _aRabindrachintacharcha
260 _aCalcutta
_bSudhangshu Sekhar Dey Dey's Pub India
_c1998
300 _a224p.
_ccm.
650 _aBENGALI LITERATURE
942 _hO157,1M61:g, N8
_cTEXL
_2cc
999 _c934707
_d934707